[Event "DVM U20w 2020"]
[Site "Willingen GER"]
[Date "2021.06.24"]
[Round "1"]
[White "Riegel, Arinna"]
[Black "Rempe, Janne"]
[Result "1/2-1/2"]
[Termination "normal"]
[Board "2.3"]
[WhiteElo "1881"]
[BlackElo "1513"]
[WhiteClock "00:25:24"]
[BlackClock "00:01:10"]
[WhiteTeam "SK Langen"]
[BlackTeam "SK Doppelbauer Kiel"]
[PlyCount "87"]
[WhiteFideId "12931446"]
[BlackFideId "16202392"]
[EventCountry "GER"]
[EventRounds "7"]
[EventType "team-swiss"]
[EventDate "2021.06.23"]

1. d4 {[%clk 01:30:49]} {[%emt 00:00:11]} d6 {[%clk 01:30:22]} {[%emt
00:00:39]} 2. Nf3 {[%clk 01:30:40]} {[%emt 00:00:39]} Nf6 {[%clk 01:30:01]}
{[%emt 00:00:51]} 3. g3 {[%clk 01:30:39]} {[%emt 00:00:32]} Nbd7 {[%clk
01:30:09]} {[%emt 00:00:21]} 4. Bg2 {[%clk 01:28:05]} {[%emt 00:03:03]} e5
{[%emt 00:22:38]} 5. c4 {[%clk 01:25:33]} c6 {[%clk 01:28:46]} 6. Nc3 {[%clk
01:24:59]} Be7 {[%clk 01:22:35]} 7. Qc2 {[%clk 01:17:12]} Qc7 {[%clk 01:21:03]}
{[%emt 00:00:51]} 8. b3 {[%clk 01:08:55]} {[%emt 00:08:47]} d5 {[%clk
01:15:13]} {[%emt 00:06:20]} 9. dxe5 {[%clk 00:46:46]} {[%emt 00:22:40]} Nxe5
{[%clk 01:14:26]} {[%emt 00:01:16]} 10. Nxe5 {[%clk 00:43:38]} {[%emt
00:03:38]} Qxe5 {[%clk 01:13:10]} {[%emt 00:01:46]} 11. Bf4 {[%clk 00:38:51]}
{[%emt 00:05:17]} Qd4 {[%clk 01:04:28]} {[%emt 00:09:12]} 12. Rd1 {[%clk
00:33:57]} {[%emt 00:05:25]} Qc5 {[%clk 01:04:25]} {[%emt 00:00:31]} 13. Na4
{[%clk 00:22:45]} {[%emt 00:11:44]} Qa5+ {[%clk 00:59:30]} {[%emt 00:05:24]}
14. Bd2 {[%clk 00:21:51]} {[%emt 00:01:25]} Qa6 {[%clk 00:53:14]} {[%emt
00:06:45]} 15. cxd5 {[%clk 00:13:37]} {[%emt 00:08:45]} cxd5 {[%clk 00:52:16]}
{[%emt 00:01:26]} 16. O-O {[%clk 00:12:23]} {[%emt 00:01:45]} Qxe2 {[%clk
00:50:44]} {[%emt 00:02:03]} 17. Rfe1 {[%clk 00:12:51]} {[%emt 00:00:03]} Qh5
{[%clk 00:50:32]} {[%emt 00:00:41]} 18. Bb4 {[%clk 00:12:24]} {[%emt 00:00:56]}
Be6 {[%clk 00:49:31]} {[%emt 00:01:30]} 19. Bxe7 {[%clk 00:12:13]} {[%emt
00:00:43]} Kxe7 {[%clk 00:47:47]} {[%emt 00:02:13]} 20. Qc7+ {[%clk 00:12:32]}
{[%emt 00:00:12]} Kf8 {[%clk 00:38:18]} {[%emt 00:09:58]} 21. Qxb7 {[%clk
00:11:10]} {[%emt 00:01:53]} Re8 {[%clk 00:36:31]} {[%emt 00:02:16]} 22. Qxa7
{[%clk 00:10:53]} {[%emt 00:00:48]} Ng4 {[%clk 00:36:52]} {[%emt 00:00:09]} 23.
Qc5+ {[%clk 00:10:18]} {[%emt 00:01:05]} Kg8 {[%clk 00:34:59]} {[%emt
00:02:22]} 24. h3 {[%clk 00:08:41]} {[%emt 00:02:09]} Ne5 {[%clk 00:31:25]}
{[%emt 00:04:02]} 25. Qc3 {[%clk 00:04:42]} {[%emt 00:04:29]} Bxh3 {[%clk
00:29:19]} {[%emt 00:02:36]} 26. Bxd5 {[%clk 00:03:46]} {[%emt 00:01:27]} Bg4
{[%emt 00:18:08]} 27. Bxf7+ {[%clk 00:00:57]} Qxf7 {[%clk 00:20:16]} 28. Qxe5
{[%clk 00:00:35]} Rf8 {[%clk 00:14:05]} {[%emt 00:07:07]} 29. Rd2 {[%clk
00:00:44]} h5 {[%clk 00:12:53]} 30. Qd5 {[%clk 00:01:07]} Qxd5 {[%clk
00:10:14]} {[%emt 00:01:02]} 31. Rxd5 {[%clk 00:01:37]} Bf3 {[%clk 00:10:32]}
{[%emt 00:00:10]} 32. Rd4 {[%clk 00:01:43]} {[%emt 00:00:24]} g5 {[%clk
00:07:57]} {[%emt 00:03:05]} 33. Rd7 {[%clk 00:00:58]} {[%emt 00:01:21]} Rh6
{[%clk 00:05:52]} {[%emt 00:02:29]} 34. Ree7 {[%clk 00:00:48]} {[%emt
00:00:42]} Rg6 {[%clk 00:06:16]} {[%emt 00:00:04]} 35. Nc5 {[%clk 00:00:51]}
{[%emt 00:00:31]} h4 {[%clk 00:05:05]} {[%emt 00:01:38]} 36. g4 {[%clk
00:00:36]} {[%emt 00:00:45]} Bxg4 {[%clk 00:04:27]} {[%emt 00:01:08]} 37. Rd5
{[%clk 00:00:48]} {[%emt 00:00:17]} h3 {[%clk 00:04:32]} {[%emt 00:00:26]} 38.
Ne4 {[%clk 00:01:01]} {[%emt 00:00:17]} Bf3 {[%clk 00:03:26]} {[%emt 00:01:35]}
39. Rxg5 {[%clk 00:00:58]} {[%emt 00:00:34]} Bxe4 {[%clk 00:03:39]} {[%emt
00:00:16]} 40. Rxg6+ {[%clk 00:01:03]} {[%emt 00:00:26]} Bxg6 {[%clk 00:03:59]}
{[%emt 00:00:10]} 41. Re3 {[%clk 00:01:21]} {[%emt 00:00:12]} Bf5 {[%clk
00:04:15]} {[%emt 00:00:15]} 42. Rg3+ {[%clk 00:01:48]} {[%emt 00:00:03]} Kf7
{[%clk 00:03:50]} {[%emt 00:00:55]} 43. b4 {[%clk 00:01:10]} {[%emt 00:01:06]}
Be6 {[%clk 00:01:10]} {[%emt 00:03:10]} 44. Rf3+ {[%clk 00:25:24]} {[%emt
00:06:18]} 1/2-1/2

[Event "DVM U20w 2020"]
[Site "Willingen GER"]
[Date "2021.06.24"]
[Round "1"]
[White "Malinowsky, Celina"]
[Black "Schmidt, Merle"]
[Result "1-0"]
[Termination "normal"]
[Board "2.4"]
[WhiteElo "1372"]
[BlackElo "1199"]
[WhiteClock "01:12:21"]
[BlackClock "00:47:32"]
[WhiteTeam "SK Doppelbauer Kiel"]
[BlackTeam "SK Langen"]
[PlyCount "39"]
[WhiteFideId "16266986"]
[BlackFideId "16291999"]
[EventCountry "GER"]
[EventRounds "7"]
[EventType "team-swiss"]
[EventDate "2021.06.23"]

1. e4 {[%clk 01:30:56]} {[%emt 00:03:31]} e5 {[%clk 01:30:54]} 2. Nf3 {[%clk
01:31:15]} Nc6 {[%clk 01:31:17]} 3. Bc4 {[%clk 01:31:30]} Nf6 {[%clk 01:31:30]}
4. d3 {[%clk 01:31:26]} h6 {[%clk 01:31:31]} 5. Nbd2 {[%clk 01:30:17]} Be7
{[%clk 01:30:17]} 6. c3 {[%clk 01:29:24]} d6 {[%clk 01:30:24]} 7. O-O {[%clk
01:29:23]} O-O 8. Re1 {[%clk 01:27:51]} Re8 {[%clk 01:29:45]} {[%emt 00:17:59]}
9. Nf1 {[%clk 01:27:24]} a6 {[%clk 01:26:57]} 10. Ng3 {[%clk 01:27:27]} b5
{[%clk 01:21:30]} 11. Bb3 {[%clk 01:27:49]} Bg4 {[%clk 01:19:34]} 12. h3 {[%clk
01:27:25]} Bh5 {[%clk 01:18:25]} 13. Nxh5 {[%clk 01:26:07]} {[%emt 00:00:11]}
Nxh5 {[%clk 01:18:43]} {[%emt 00:00:03]} 14. Bd5 {[%clk 01:26:13]} {[%emt
00:00:25]} Qd7 {[%clk 01:18:03]} {[%emt 00:01:10]} 15. Nxe5 {[%clk 01:21:23]}
{[%emt 00:05:20]} dxe5 {[%clk 01:16:11]} {[%emt 00:02:22]} 16. Qxh5 {[%clk
01:21:38]} {[%emt 00:00:15]} Bf6 {[%clk 01:12:29]} {[%emt 00:04:12]} 17. Re3
{[%clk 01:15:44]} {[%emt 00:06:24]} Re7 {[%clk 00:53:09]} {[%emt 00:19:50]} 18.
Rg3 {[%clk 01:14:13]} {[%emt 00:02:00]} g6 {[%clk 00:49:44]} {[%emt 00:03:55]}
19. Qxg6+ {[%clk 01:12:04]} {[%emt 00:02:40]} Kf8 {[%clk 00:47:32]} {[%emt
00:02:42]} 20. Qg8# {[%clk 01:12:21]} {[%emt 00:00:11]} 1-0

[Event "DVM U20w 2020"]
[Site "Willingen GER"]
[Date "2021.06.24"]
[Round "1"]
[White "Ley, Sabrina"]
[Black "Dietz, Kristin"]
[Result "1-0"]
[Termination "normal"]
[Board "3.1"]
[WhiteElo "1866"]
[BlackElo "1911"]
[WhiteClock "00:04:24"]
[BlackClock "00:44:00"]
[WhiteTeam "SC Landskrone"]
[BlackTeam "USV Halle"]
[PlyCount "129"]
[WhiteFideId "12938130"]
[BlackFideId "12993743"]
[EventCountry "GER"]
[EventRounds "7"]
[EventType "team-swiss"]
[EventDate "2021.06.23"]

1. e4 {[%emt 00:06:05]} c5 {[%clk 01:30:50]} 2. Nc3 {[%clk 01:31:15]} Nc6
{[%clk 01:31:02]} 3. Bb5 {[%clk 01:31:30]} Nd4 {[%clk 01:31:25]} 4. Bc4 {[%clk
01:31:47]} e6 {[%clk 01:31:39]} 5. Nge2 {[%clk 01:31:42]} Nf6 {[%clk 01:31:48]}
6. d3 {[%clk 01:31:55]} a6 {[%clk 01:31:56]} 7. a4 {[%clk 01:32:01]} d5 {[%clk
01:31:58]} 8. exd5 {[%clk 01:31:03]} exd5 {[%clk 01:32:22]} 9. Ba2 {[%clk
01:31:05]} Bg4 {[%clk 01:24:12]} 10. O-O {[%clk 01:22:00]} Bd6 11. Re1 {[%clk
01:14:27]} O-O {[%clk 01:21:55]} 12. h3 {[%clk 01:04:01]} Bh5 {[%clk 01:14:34]}
13. Bg5 {[%clk 00:59:55]} Re8 {[%clk 01:09:30]} 14. Qd2 {[%clk 00:56:45]} Qa5
{[%clk 00:53:04]} 15. Nxd4 {[%clk 00:47:02]} cxd4 {[%clk 00:51:36]} 16. Nxd5
{[%clk 00:44:04]} Qxd2 {[%clk 00:50:26]} 17. Nxf6+ {[%clk 00:38:36]} gxf6
{[%clk 00:50:46]} 18. Bxd2 {[%clk 00:39:03]} Re5 {[%clk 00:49:36]} 19. f4
{[%clk 00:36:04]} Rxe1+ {[%clk 00:49:33]} 20. Rxe1 {[%clk 00:36:26]} f5 {[%clk
00:49:22]} 21. a5 {[%clk 00:27:33]} Rb8 {[%clk 00:42:21]} 22. Bb3 {[%clk
00:18:50]} Kf8 {[%clk 00:41:55]} 23. Kf2 {[%clk 00:19:01]} b6 {[%clk 00:41:50]}
24. axb6 {[%clk 00:16:00]} Rxb6 {[%clk 00:42:12]} 25. g3 {[%clk 00:14:17]} Bc7
{[%clk 00:39:36]} 26. Kg2 {[%clk 00:07:08]} Rb8 {[%clk 00:35:47]} 27. Kf2
{[%clk 00:06:41]} a5 {[%clk 00:35:22]} 28. Ra1 {[%clk 00:05:53]} Re8 {[%clk
00:34:59]} 29. Re1 {[%clk 00:06:16]} Ra8 {[%clk 00:35:17]} 30. Ba4 {[%clk
00:05:28]} h6 {[%clk 00:30:49]} 31. b4 {[%clk 00:01:36]} axb4 {[%clk 00:30:00]}
{[%emt 00:10:48]} 32. Bxb4+ {[%clk 00:02:02]} Kg7 {[%clk 00:30:16]} 33. Bb3
{[%clk 00:02:01]} Bb6 {[%clk 00:26:40]} 34. Re7 {[%clk 00:01:33]} Ra7 {[%clk
00:25:53]} 35. Rxa7 {[%clk 00:01:03]} Bxa7 {[%clk 00:26:19]} 36. Bd5 {[%clk
00:01:05]} Bd1 {[%clk 00:26:11]} 37. Bb3 {[%clk 00:00:53]} h5 {[%clk 00:24:07]}
{[%emt 00:00:54]} 38. Ke1 {[%clk 00:01:33]} {[%emt 00:06:12]} Bf3 {[%clk
00:24:32]} 39. c3 {[%clk 00:01:05]} dxc3 {[%clk 00:24:38]} 40. Bxc3+ {[%clk
00:01:30]} Kf8 {[%clk 00:24:47]} 41. d4 Ke7 {[%clk 00:23:12]} {[%emt 00:00:02]}
42. Kf2 {[%clk 00:00:42]} {[%emt 00:00:27]} Bb7 {[%clk 00:20:24]} {[%emt
00:02:38]} 43. Bd1 {[%clk 00:25:14]} {[%emt 00:06:04]} h4 {[%clk 00:43:51]}
{[%emt 00:07:01]} 44. gxh4 {[%clk 00:25:08]} {[%emt 00:00:36]} Ke6 {[%clk
00:43:24]} {[%emt 00:00:56]} 45. h5 {[%clk 00:24:28]} {[%emt 00:01:11]} Bd5
{[%clk 00:42:35]} {[%emt 00:01:19]} 46. Bf3 {[%clk 00:21:30]} {[%emt 00:03:27]}
Bb6 {[%clk 00:42:43]} {[%emt 00:00:21]} 47. h6 {[%clk 00:14:39]} {[%emt
00:07:23]} Bd8 {[%emt 00:54:03]} 48. Bb4 {[%clk 00:09:00]} Bxf3 {[%clk
00:41:52]} 49. Kxf3 {[%clk 00:09:17]} Kf6 {[%clk 00:42:10]} 50. Bf8 {[%clk
00:08:06]} Kg6 {[%clk 00:42:11]} 51. Bg7 {[%clk 00:07:48]} Bc7 {[%clk
00:42:24]} 52. d5 {[%clk 00:07:54]} Bd6 {[%clk 00:42:44]} 53. Ke3 {[%clk
00:07:22]} Bc5+ {[%clk 00:41:44]} 54. Kd3 {[%clk 00:07:04]} Bd6 {[%clk
00:42:10]} 55. Be5 {[%clk 00:06:05]} Bf8 {[%clk 00:42:26]} 56. d6 {[%clk
00:05:41]} Kxh6 {[%clk 00:42:33]} 57. d7 {[%clk 00:05:37]} Be7 {[%clk
00:42:52]} 58. Kc4 {[%clk 00:03:42]} Kh5 {[%clk 00:42:43]} 59. Kd5 Kh4 {[%clk
00:42:53]} 60. Kc6 {[%clk 00:04:19]} Kxh3 {[%clk 00:42:48]} 61. Kc7 {[%clk
00:03:26]} Kg4 {[%clk 00:42:48]} 62. d8=Q Bxd8+ {[%clk 00:43:13]} 63. Kxd8
{[%clk 00:04:03]} Kh5 {[%clk 00:43:36]} 64. Ke8 {[%clk 00:04:03]} Kg6 {[%clk
00:44:00]} 65. Ke7 {[%clk 00:04:24]} *

[Event "DVM U20w 2020"]
[Site "Willingen GER"]
[Date "2021.06.24"]
[Round "1"]
[White "Pohle, Saskia"]
[Black "Müller, Riyanna"]
[Result "1/2-1/2"]
[Termination "normal"]
[Board "3.2"]
[WhiteElo "1815"]
[BlackElo "1419"]
[WhiteClock "00:27:47"]
[BlackClock "00:12:18"]
[WhiteTeam "USV Halle"]
[BlackTeam "SC Landskrone"]
[PlyCount "113"]
[WhiteFideId "16201604"]
[BlackFideId "16287401"]
[EventCountry "GER"]
[EventRounds "7"]
[EventType "team-swiss"]
[EventDate "2021.06.23"]

1. e4 {[%clk 01:30:58]} {[%emt 00:00:02]} e5 {[%clk 01:30:49]} {[%emt
00:00:10]} 2. Nf3 {[%clk 01:31:23]} {[%emt 00:00:06]} Nc6 {[%clk 01:31:09]}
{[%emt 00:00:10]} 3. Bb5 {[%clk 01:31:46]} {[%emt 00:00:07]} a6 {[%clk
01:31:14]} {[%emt 00:00:24]} 4. Ba4 {[%clk 01:32:12]} {[%emt 00:00:05]} Nf6
{[%clk 01:31:17]} {[%emt 00:00:27]} 5. O-O {[%clk 01:32:33]} {[%emt 00:00:09]}
b5 {[%clk 01:30:36]} {[%emt 00:01:09]} 6. Bb3 {[%clk 01:32:57]} {[%emt
00:00:08]} Bc5 {[%clk 01:30:37]} {[%emt 00:00:28]} 7. Re1 {[%clk 01:32:52]}
{[%emt 00:00:37]} d6 {[%clk 01:29:53]} {[%emt 00:01:14]} 8. c3 {[%clk
01:33:13]} {[%emt 00:00:07]} O-O {[%clk 01:28:30]} {[%emt 00:23:32]} 9. h3 Bb7
{[%clk 01:26:06]} 10. d4 {[%clk 01:32:49]} Bb6 {[%clk 01:25:16]} 11. Bc2 Re8
{[%clk 01:21:59]} 12. d5 {[%clk 01:28:39]} Ne7 {[%clk 01:20:26]} 13. Nbd2
{[%clk 01:28:25]} c6 {[%clk 01:18:25]} 14. dxc6 {[%clk 01:28:05]} Bxc6 {[%clk
01:17:59]} {[%emt 00:00:11]} 15. Nf1 {[%clk 01:28:07]} {[%emt 00:00:16]} Qc7
{[%clk 01:14:52]} {[%emt 00:03:37]} 16. Bg5 {[%clk 01:25:45]} {[%emt 00:02:52]}
Nd7 {[%clk 01:11:31]} {[%emt 00:03:52]} 17. Ng3 {[%clk 01:24:49]} {[%emt
00:01:26]} f6 {[%clk 01:09:51]} {[%emt 00:02:09]} 18. Bb3+ {[%clk 01:25:05]}
{[%emt 00:00:15]} Kf8 {[%clk 01:08:21]} {[%emt 00:01:59]} 19. Be3 {[%clk
01:23:38]} {[%emt 00:01:58]} Bxe3 {[%clk 01:04:34]} {[%emt 00:04:15]} 20. Rxe3
{[%clk 01:24:06]} {[%emt 00:00:04]} Nc5 {[%clk 01:04:10]} {[%emt 00:00:54]} 21.
Bc2 {[%clk 01:18:40]} {[%emt 00:05:55]} d5 {[%clk 01:00:08]} {[%emt 00:04:32]}
22. Nh4 {[%clk 01:14:03]} {[%emt 00:05:07]} g6 {[%clk 00:58:25]} {[%emt
00:02:13]} 23. Qf3 {[%clk 01:11:03]} {[%emt 00:03:31]} Kg7 {[%clk 00:56:38]}
{[%emt 00:02:16]} 24. Qg4 {[%clk 01:10:09]} {[%emt 00:01:24]} Bd7 {[%clk
00:52:05]} {[%emt 00:05:03]} 25. Qe2 {[%clk 01:09:29]} {[%emt 00:01:11]} Ne6
{[%clk 00:50:37]} {[%emt 00:01:57]} 26. Qd2 {[%clk 01:06:41]} {[%emt 00:03:18]}
Nf4 {[%clk 00:47:52]} {[%emt 00:03:15]} 27. Ne2 {[%clk 01:04:48]} {[%emt
00:02:23]} Nxe2+ {[%clk 00:45:35]} {[%emt 00:02:47]} 28. Rxe2 {[%clk 01:04:49]}
{[%emt 00:00:30]} Rad8 {[%clk 00:44:07]} {[%emt 00:01:57]} 29. exd5 {[%clk
01:01:12]} {[%emt 00:04:07]} Bc6 {[%clk 00:43:56]} {[%emt 00:00:38]} 30. g3
{[%clk 00:59:38]} {[%emt 00:02:07]} Rxd5 {[%clk 00:41:55]} {[%emt 00:02:31]}
31. Qe3 {[%clk 00:58:51]} {[%emt 00:01:17]} Red8 {[%clk 00:40:58]} {[%emt
00:01:25]} 32. Be4 {[%clk 00:57:32]} {[%emt 00:01:51]} R5d7 {[%clk 00:39:17]}
{[%emt 00:02:10]} 33. Bxc6 {[%clk 00:53:33]} {[%emt 00:04:31]} Qxc6 {[%clk
00:38:30]} {[%emt 00:01:17]} 34. Qf3 {[%clk 00:51:41]} {[%emt 00:02:22]} Rd2
{[%clk 00:34:19]} {[%emt 00:04:39]} 35. Qxc6 {[%clk 00:51:16]} {[%emt
00:00:56]} Nxc6 {[%clk 00:34:36]} {[%emt 00:00:13]} 36. Rae1 {[%clk 00:50:39]}
{[%emt 00:01:08]} Kf7 {[%clk 00:32:40]} {[%emt 00:02:25]} 37. Nf3 {[%clk
00:50:09]} {[%emt 00:01:00]} Rxe2 {[%clk 00:32:07]} {[%emt 00:01:04]} 38. Rxe2
{[%clk 00:50:35]} {[%emt 00:00:04]} Ke6 {[%clk 00:31:50]} {[%emt 00:00:46]} 39.
Rd2 {[%clk 00:46:51]} {[%emt 00:04:15]} Rxd2 {[%clk 00:29:48]} {[%emt
00:02:32]} 40. Nxd2 {[%clk 00:47:17]} {[%emt 00:00:03]} Kd5 {[%clk 00:29:23]}
{[%emt 00:00:55]} 41. Kf1 {[%clk 00:47:27]} {[%emt 00:00:20]} e4 {[%clk
00:28:08]} {[%emt 00:01:45]} 42. Ke2 {[%clk 00:47:38]} {[%emt 00:00:19]} Ne5
{[%clk 00:27:22]} {[%emt 00:01:16]} 43. Ke3 {[%clk 00:40:32]} {[%emt 00:07:36]}
f5 {[%clk 00:26:33]} {[%emt 00:01:19]} 44. b3 {[%clk 00:40:06]} {[%emt
00:00:56]} g5 {[%clk 00:22:48]} {[%emt 00:04:15]} 45. f3 {[%clk 00:36:18]}
{[%emt 00:04:18]} exf3 {[%clk 00:17:16]} {[%emt 00:06:01]} 46. Nxf3 {[%clk
00:36:40]} {[%emt 00:00:08]} Nxf3 {[%clk 00:17:22]} {[%emt 00:00:25]} 47. Kxf3
{[%clk 00:37:05]} {[%emt 00:00:05]} h5 {[%emt 00:18:33]} 48. h4 {[%clk
00:31:02]} gxh4 {[%clk 00:15:34]} 49. gxh4 {[%clk 00:27:42]} Ke5 {[%clk
00:15:26]} 50. Ke3 {[%clk 00:26:03]} a5 {[%clk 00:13:30]} {[%emt 00:00:23]} 51.
a4 {[%clk 00:26:28]} {[%emt 00:00:02]} bxa4 {[%clk 00:12:03]} {[%emt 00:06:40]}
52. bxa4 {[%clk 00:26:53]} Kd5 {[%clk 00:12:16]} 53. Kf4 {[%clk 00:27:18]} Kc4
{[%clk 00:12:36]} 54. Kxf5 {[%clk 00:27:35]} Kb3 {[%clk 00:12:24]} 55. Kg5
{[%clk 00:27:10]} Kxa4 {[%clk 00:12:32]} 56. Kxh5 {[%clk 00:27:23]} Kb3 {[%clk
00:12:18]} 57. Kg5 {[%clk 00:27:47]} 1/2-1/2

[Event "DVM U20w 2020"]
[Site "Willingen GER"]
[Date "2021.06.24"]
[Round "1"]
[White "Hartmann, Hannah"]
[Black "Voigt, Anastasia"]
[Result "0-1"]
[Termination "normal"]
[Board "3.3"]
[WhiteElo "1327"]
[BlackElo "1738"]
[WhiteClock "00:17:15"]
[BlackClock "00:24:16"]
[WhiteTeam "SC Landskrone"]
[BlackTeam "USV Halle"]
[PlyCount "120"]
[WhiteFideId "16235274"]
[BlackFideId "16235223"]
[EventCountry "GER"]
[EventRounds "7"]
[EventType "team-swiss"]
[EventDate "2021.06.23"]

1. e4 {[%clk 01:30:55]} {[%emt 00:04:29]} e5 {[%clk 01:30:54]} 2. Nf3 {[%clk
01:31:21]} Nc6 {[%clk 01:31:20]} 3. Bc4 {[%clk 01:31:42]} Bc5 {[%clk 01:31:41]}
4. c3 {[%clk 01:32:09]} Nf6 {[%clk 01:32:03]} 5. d4 {[%clk 01:32:33]} exd4
{[%clk 01:32:22]} 6. cxd4 {[%clk 01:32:57]} Bb4+ {[%clk 01:32:45]} 7. Bd2 Bxd2+
{[%clk 01:33:02]} 8. Nbxd2 {[%clk 01:33:42]} d5 {[%clk 01:33:23]} 9. exd5
{[%clk 01:34:01]} Nxd5 {[%clk 01:33:46]} 10. O-O {[%clk 01:34:16]} O-O {[%clk
01:33:56]} 11. Re1 {[%clk 01:34:27]} Bf5 {[%clk 01:31:18]} 12. Rc1 Nce7 {[%emt
00:18:11]} 13. Ne5 {[%clk 01:27:30]} c6 {[%clk 01:24:49]} 14. Ndf3 {[%clk
01:24:42]} Qd6 {[%clk 01:20:22]} {[%emt 00:00:55]} 15. Qd2 {[%clk 01:13:12]}
{[%emt 00:12:03]} Rad8 {[%clk 01:16:29]} {[%emt 00:04:22]} 16. h3 {[%clk
01:08:17]} {[%emt 00:05:25]} h6 {[%clk 01:13:44]} {[%emt 00:03:16]} 17. Qa5
{[%clk 00:59:01]} {[%emt 00:09:46]} b6 {[%clk 01:03:53]} {[%emt 00:10:21]} 18.
Qd2 {[%clk 00:58:15]} {[%emt 00:01:15]} Nf6 {[%clk 00:59:04]} {[%emt 00:05:20]}
19. Qd1 {[%clk 00:54:08]} {[%emt 00:04:37]} Ne4 {[%clk 00:46:03]} {[%emt
00:13:31]} 20. Qb3 {[%clk 00:46:42]} {[%emt 00:07:53]} Qf6 {[%clk 00:40:51]}
{[%emt 00:05:43]} 21. Bd3 {[%clk 00:39:10]} {[%emt 00:08:01]} Ng5 {[%clk
00:38:50]} {[%emt 00:02:33]} 22. Bxf5 {[%clk 00:37:44]} {[%emt 00:01:57]} Qxf5
{[%clk 00:38:48]} {[%emt 00:00:31]} 23. Nxg5 {[%clk 00:35:16]} {[%emt
00:02:59]} Qxg5 {[%clk 00:38:17]} {[%emt 00:01:00]} 24. Nf3 {[%clk 00:32:55]}
{[%emt 00:02:50]} Qf6 {[%clk 00:37:59]} {[%emt 00:00:48]} 25. Qa3 {[%clk
00:30:12]} {[%emt 00:03:14]} Rd7 {[%clk 00:36:02]} {[%emt 00:02:24]} 26. Red1
{[%clk 00:24:40]} {[%emt 00:06:06]} Nf5 {[%clk 00:34:11]} {[%emt 00:02:20]} 27.
Qa4 {[%clk 00:20:53]} {[%emt 00:04:17]} b5 {[%clk 00:30:54]} {[%emt 00:03:47]}
28. Qb4 {[%clk 00:21:10]} {[%emt 00:00:13]} Rfd8 {[%clk 00:30:09]} {[%emt
00:01:14]} 29. Qc5 {[%clk 00:17:48]} {[%emt 00:03:53]} Nxd4 {[%clk 00:26:29]}
{[%emt 00:04:10]} 30. Nxd4 {[%clk 00:18:10]} {[%emt 00:00:09]} Rxd4 {[%clk
00:26:35]} {[%emt 00:00:23]} 31. Rxd4 {[%clk 00:18:16]} {[%emt 00:00:24]} Qxd4
{[%clk 00:26:53]} {[%emt 00:00:12]} 32. Qxd4 {[%clk 00:18:12]} {[%emt
00:00:35]} Rxd4 {[%clk 00:27:18]} {[%emt 00:00:05]} 33. Rxc6 {[%clk 00:18:32]}
{[%emt 00:00:10]} Rd1+ {[%clk 00:26:10]} {[%emt 00:01:38]} 34. Kh2 {[%clk
00:18:48]} {[%emt 00:00:14]} Rd2 {[%clk 00:25:21]} {[%emt 00:01:18]} 35. Kg3
{[%clk 00:18:27]} {[%emt 00:00:51]} a5 {[%clk 00:24:34]} {[%emt 00:01:17]} 36.
a4 {[%clk 00:17:05]} {[%emt 00:01:52]} Rxb2 {[%clk 00:24:25]} {[%emt 00:00:39]}
37. Rc5 {[%clk 00:16:57]} {[%emt 00:00:38]} bxa4 {[%clk 00:24:21]} {[%emt
00:00:35]} 38. Rxa5 {[%clk 00:17:19]} {[%emt 00:00:08]} Rb4 {[%clk 00:24:16]}
{[%emt 00:00:34]} 39. Kf3 {[%clk 00:17:15]} {[%emt 00:00:38]} Kf8 40. Ra7
{[%clk 00:17:15]} g5 41. g3 {[%clk 00:17:15]} Kg7 42. Ra6 {[%clk 00:17:15]} h5
43. Ke3 {[%clk 00:17:15]} Rb3+ 44. Ke4 {[%clk 00:17:15]} a3 45. Kf5 {[%clk
00:17:15]} Rb5+ 46. Ke4 {[%clk 00:17:15]} f5+ 47. Kd4 {[%clk 00:17:15]} Rb3 48.
Ra7+ {[%clk 00:17:15]} Kf6 49. Ra6+ {[%clk 00:17:15]} Ke7 50. Ra7+ {[%clk
00:17:15]} Kd6 51. Ra6+ {[%clk 00:17:15]} Kc7 52. Rh6 {[%clk 00:17:15]} a2 53.
Ra6 {[%clk 00:17:15]} Rb2 54. f3 {[%clk 00:17:15]} Rh2 55. g4 {[%clk 00:17:15]}
fxg4 56. hxg4 {[%clk 00:17:15]} h4 57. Ke4 {[%clk 00:17:15]} h3 58. f4 {[%clk
00:17:15]} Rb2 59. Ra7+ {[%clk 00:17:15]} Kb8 60. Rh7 {[%clk 00:17:15]} a1=Q
0-1